Managing in turbulent times

Bibliographic Details
Main Author: Drucker, Peter F. (Author)
Format: Book
Language:English
Published: Woburn, MA : Butterworth-Heinemann 1980
Subjects:

MARC

LEADER 00000cam a2200000 7i4500
001 0000016357
005 20241028.0
008 060327 maua eng
020 |a 8181473825 (Indian Reprint) 
040 |a INS   |b eng   |e rda 
090 0 0 |a HD31   |b .D78 1980 
100 1 |a Drucker, Peter F. ,   |e author 
245 1 0 |a Managing in turbulent times   |c Peter F. Drucker 
264 1 |a Woburn, MA :   |b Butterworth-Heinemann   |c 1980 
264 4 |c ©1980 
300 |a xi, 239 pages :   |b illustrations ;   |c 23 cm. 
336 |a text  |2 rdacontent 
337 |a unmediated  |2 rdamedia 
338 |a volume  |2 rdacarrier 
500 |a Includes index 
650 0 |a Industrial management 
999 |a 0000016262   |b BOOK   |c Open Shelf   |e Default branch